000 00516nam a2200169Ia 4500
003 SISC
005 20150209111211.0
008 140910s9999 xx 000 0 und d
020 _a0078652634
050 _aQA 107
_b.G563c2 2006
245 _aGlencoe mathematics :
_bapplication and connection course 2 /
260 _aUnited States :
_bGlencoe McGraw-Hill,
_cc2006.
300 _a674 pages :
_bcolored illustration ;
_c28 cm.
650 _aConnections.
650 _aMathematics
_xApplications.
942 _cBK
_2lcc
999 _c282556
_d282556